000 00224nam a2200097Ia 4500
008 190216s9999||||xx |||||||||||||| ||und||
100 _aPremchand
245 0 _aHindi-Rangabhoomi
260 _bHindi Sahithya Sadan
942 _cBK
999 _c18238
_d18238